[Event "FIDE-Wch k.o."]
[Site "New Delhi/Teheran"]
[Date "2000.11.30"]
[Round "2.1"]
[White "Kasimdzhanov, Rustam"]
[Black "Tregubov, Pavel V"]
[Result "1-0"]
[WhiteElo "2690"]
[BlackElo "2620"]
[Annotator "Dautov,Rustem"]
[PlyCount "59"]
[EventDate "2000.11.27"]
[EventType "k.o."]
[EventRounds "7"]
[EventCountry "IND"]
[SourceTitle "CBM 081"]
[Source "ChessBase"]
[SourceDate "2001.03.20"]
[SourceVersion "1"]
[SourceVersionDate "2001.03.20"]
[SourceQuality "1"]

1. d4 {Dautov,Rustem} d5 2. c4 e6 3. Nc3 c6 4. e3 Bd6 5. Bd2 $5 {Dieser Zug ist mit Sicherheit nicht der beste in der Stellung, erfüllt aber den Zweck, das System mit 4...d6, 5...f5 auf eine neue Art und Weise zu bekämpfen. P.Tregubov spielt gerne und mit Erfolg dieses System, und auch die Ideen mit g2-g4 kamen in seinen Partien schon vor, nicht aber in der Textzugreihenfolge.} ({Häufig wird} 5. Bd3 f5 6. g4 Nf6 {gespielt, z.B,} 7. gxf5 exf5 8. cxd5 cxd5 9. Qb3 Nc6 $13 {Dreev-Sherbakov/Elista/1996}) ({RR} 5. Be2 f5 6. f4 Nf6 7. Nf3 O-O 8. O-O b6 9. Bd2 Bb7 ({RR} 9... Ne4 10. Be1 Nxc3 11. Bxc3 a5 12. Rc1 Ba6 13. b3 Nd7 14. Be1 Nf6 15. Bh4 Qd7 16. Bxf6 Rxf6 17. Rf2 Rff8 18. Ne5 Bxe5 19. fxe5 Bb7 20. Bf3 Rac8 21. Rfc2 Rfd8) ({RR} 9... a5 10. Be1 Ba6 11. b3 Ne4 12. Rc1 Nxc3 13. Rxc3 b5 14. Bh4 Qe8 15. Rc2 h6 16. Kh1 Rf7 17. c5 Bc7 18. a3 Nd7 19. Rg1 b4 20. Bxa6 Rxa6 21. a4 Bd8 22. Bxd8 Qxd8 23. g4) 10. Be1 Ne4 11. b4 Nxc3 ({RR} 11... Bxb4 12. Nxe4 Bxe1 13. Neg5) 12. Bxc3 Nd7 13. Rb1 Nf6 14. Qc2 dxc4 ({RR} 14... Ne4) 15. Bxc4 Nd5 16. Bd2 Qe7 17. a3 Rac8 ({RR} 17... c5 18. bxc5 bxc5 19. e4 fxe4 20. Qxe4) 18. Qb3 Ba8 19. Rbe1 c5 {Epishin,V (2610)-Tregubov,P (2636) St Petersburg 2004 CBM 102 [Dautov,Rustem] 1-0 (49)}) 5... f5 (5... Nf6 $1 {wäre eine gute Reaktion auf 5.d2.}) ({RR} 5... Nf6 6. c5 Bc7 7. f4 Nbd7 8. Nf3 h6 9. Bd3 g5 10. Ne5 gxf4 11. exf4 h5 12. O-O Qe7 13. Qf3 Rg8 14. Rae1 Ng4 15. h3 Ngf6 16. Re2 h4 17. Be1 Rh8 18. Kh1 Nh5 19. Ng6 fxg6 20. Bxg6+ {Andreikin,D (2710)-Maghsoodloo,P (2708) chess.com INT 2026 1-0 (62)}) 6. g4 $1 fxg4 $2 {Dies sieht sehr fragwürdig aus, Weiß kommt mühelos zu einem gefährlichen Angriff. Aber die Alternativen überließen Weiß jedenfalls viele aussichtsreiche Möglichkeiten. Es ist sogar nicht auszuschließen, daß 5...f5 mit einem Fragezeichen versehen werden sollte.} (6... Nh6 7. h3 Nd7 (7... O-O 8. Qc2 Qe7 9. O-O-O dxc4 10. Bxc4 b5 11. Be2 Bb7 12. Nf3 Nd7 13. e4 b4 14. Na4 fxe4 15. Qxe4 Nf7 $13 {Kempinski,R-Markowski,T/Polanica Zdroj 1999}) 8. Qe2 Qe7 9. O-O-O Rb8 10. Kb1 a5 11. Rc1 Bb4 12. a3 Bd6 13. Bg2 b6 14. cxd5 exd5 15. f3 Ra8 16. e4 $36 {Volkov,S-Yashtylov,A/Moscow 1998}) (6... Nf6 $2 {ist hier im Gegensatz zu der Variante 5.d3 f5 6.g4 nicht spielbar:} 7. gxf5 exf5 8. cxd5 cxd5 9. Qb3 $16 {, und nach dem folgenden f1-g2 wird Schwarz einen Bauern abgeben müssen.}) 7. Qxg4 Qe7 $146 ({RR} 7... Nf6 8. Qg2 O-O 9. Nf3 c5 10. Rg1 Qe7 11. Nb5 Ne4 12. Nxd6 Nxd6 13. dxc5 Ne4 14. Bd3 Nd7 15. Bxe4 dxe4 16. Ng5 Nxc5 17. Nxe4 Nxe4 18. Qxe4 e5 19. Bc3 Bf5 20. Qxe5 Qxe5 21. Bxe5 g6 22. b3 {Kuzmin,A (2567)-Negi,P (2167) Dubai 2004 1-0 (45)}) ({RR} 7... Nf6 8. Qxg7 Rg8 9. Qh6 Rg6 10. Qh4 Rg4 11. Qh3 e5 12. Qf3 e4 13. Qd1 Bxh2 14. Rxh2 Rxg1 15. Qb3 Qc7 16. Rh4 Bg4 17. cxd5 Nbd7 18. Rc1 Qb6 19. dxc6 bxc6 20. Nxe4 Qxb3 21. Nxf6+ Nxf6 22. axb3 {Rajlich,I (2404)-Guichard,P (2277) Warsaw 2008 1-0 (37)}) 8. O-O-O Nf6 9. Qg2 {Ein äußerst effektives Damenfianchetto!} O-O 10. Nf3 Nbd7 11. Rg1 Kh8 12. Bd3 dxc4 (12... e5 $2 13. cxd5 cxd5 14. Nh4 $1 {f5} Nb6 15. dxe5 Bxe5 16. Bxh7 $1 $18) 13. Bxc4 e5 (13... b5 $2 14. Bxe6) 14. Bd3 $16 {Weiß droht erneut f3-h4, aber nicht nur das...} Re8 15. Ng5 $1 (15. Nh4 Nf8 $14) 15... Nf8 16. Bc4 $1 $18 {Der Läufer kehrt mit entscheidendem Erfolg zurück, und Schwarz wird buchstäblich auseinandergenommen.} g6 17. Nf7+ Kg7 18. dxe5 Bxe5 19. e4 $1 {h6} Bxc3 20. Bxc3 Be6 21. Nd6 Red8 22. Qg5 Rd7 23. Bxe6 Qxe6 (23... Nxe6 $2 24. Nf5+ Kf7 25. Qxf6+ Qxf6 26. Rxd7+ $18) 24. Nf5+ Kf7 25. Nh6+ Ke8 (25... Kg7 26. Ng4 $18) 26. Qxf6 Qxa2 27. Rxd7 Nxd7 28. Qh8+ Nf8 29. Qe5+ Ne6 30. Rd1 1-0

[Event "Tata Steel 83rd"]
[Site "Wijk aan Zee"]
[Date "2021.01.22"]
[Round "6.7"]
[White "Donchenko, Alexander"]
[Black "Firouzja, Alireza"]
[Result "0-1"]
[WhiteElo "2668"]
[BlackElo "2749"]
[Annotator "Edouard,Romain"]
[PlyCount "86"]
[EventDate "2021.01.16"]
[EventType "tourn"]
[EventRounds "13"]
[EventCountry "NED"]
[EventCategory "19"]
[SourceTitle "CBM 201 Extra"]
[Source "ChessBase"]
[SourceDate "2021.05.30"]
[SourceVersion "1"]
[SourceVersionDate "2021.05.30"]
[SourceQuality "1"]

{[%evp 0,86,25,29,29,2,10,5,-4,10,28,41,37,44,58,58,93,63,98,45,40,25,31,31,16,27,9,9,28,28,14,10,31,37,32,-10,36,33,32,2,8,25,19,-20,5,-18,-28,-24,-20,-54,-20,-22,-24,-74,-21,-45,30,18,34,17,18,-2,16,-10,42,-17,99,-194,-202,-205,-229,0,-129,-513,-643,-686,-698,-698,-739,-739,-779,-438,-1563,-1775,-1903,-1435,-29984,-29985,-29986]} 1. d4 d5 2. c4 e6 3. Nc3 Bb4 4. Nf3 dxc4 5. e3 b5 6. a4 c6 7. Bd2 a5 8. axb5 Bxc3 9. Bxc3 cxb5 10. b3 Bb7 11. bxc4 b4 12. Bb2 Nf6 13. Bd3 O-O 14. O-O Nbd7 15. Nd2 e5 {Other players prefer to start with 15...c7 or even 15...h6!?, but there's nothing wrong with this move.} 16. Bc2 {A logical square for the bishop: keeping more control on the ...a4 push and now attacking the e5-pawn.} ({RR} 16. d5 Re8 17. f4 Qe7 18. Bc2 Qd6 19. Kh1 e4 20. Ba4 Rec8 21. Bxd7 Nxd7 22. Qg4 Nf6 23. Nxe4 Nxg4 24. Nxd6 Nxe3 25. Rfc1 Rcb8 26. Bd4 b3 27. Rab1 Nc2 28. Rxb3 Nxd4 29. Rxb7 Rxb7 30. Nxb7 a4 {Lenderman,A (2626)-Tomashevsky,E (2744) Doha 2015 ½-½ (44)}) ({RR} 16. d5 Nc5 17. Bc2 Qc7 18. f4 Ncd7 19. fxe5 Nxd5 20. cxd5 Bxd5 21. Ne4 Qc6 22. Ba4 Qe6 23. Ng5 Qg6 24. Qxd5 Qxg5 25. Bxd7 Qxe3+ 26. Kh1 Qe2 27. e6 {1-0 (27) Pimenta,J (1863)-Mariani,D (2057) Caioba BRA 2026}) 16... Qc7 17. h3 $146 {This move is nearly a novelty, but I must say in the game I didn't find it too convincing. However, we are talking about a main line that is known to be absolutely reasonable for Black.} ({RR} 17. d5 Rfe8 18. Kh1 e4 19. f4 Nc5 20. Nb3 Nfd7 21. Qg4 f6 22. Nxc5 Nxc5 23. Bxf6 b3 24. Bb1 a4 25. Bd4 a3 26. f5 b2 27. Ra2 Nb3 28. f6 Qf7 29. Bc3 Nc1 30. Qxg7+ Qxg7 31. fxg7 Red8 {Demuth,A (2478)-Solodovnichenko,Y (2586) Rochefort 2014 ½-½ (41)}) 17... Rfe8 ({I do not see anything wrong with} 17... h6 {either. Anyhow, ...e8 and ...h6 are the typical Black moves in these positions.}) 18. Bb3 ({The only existing game here hadn't seen too fascinating:} 18. Ba4 Bc6 19. Bb3 {½-½ (19) Sebih,K (2323)-Chan,P (2373) Bled 2002.}) 18... h6 19. Nf3 {White tries everything to force ...exd4 in order to open the position, but Black stays strong and doesn't do it!} Ra6 $5 {A clever move, as the game will prove. However, White still holds the balance.} 20. Nxe5 Nxe5 21. dxe5 Nd7 22. f4 $5 (22. Ba4 Rg6 (22... Nxe5 {only leads to a draw:} 23. Bxe8 Nf3+ 24. gxf3 Rg6+ 25. Kh1 Qc8 26. Bd7 Qxd7 27. Qxd7 Bxf3+ 28. Kh2 Rg2+ 29. Kh1 Rg6+ $11) 23. f3 Rd8 {followed by ...c6, with huge compensation.}) 22... Nc5 23. Bc2 a4 $1 {It is generally a very bad sign when Black manages to play this move! But actually, the position isn't clear, as Black has serious counterplay on the kingside.} 24. f5 $1 (24. Bxa4 $2 Nxa4 25. Rxa4 Qc6 $19) 24... b3 (24... Rd8 25. Qg4 Rd2 26. Rf2 Rxf2 27. Kxf2 a3 28. Bd4 b3 29. f6 g5 30. Bf5 {would be a mess.}) 25. Bb1 Raa8 $6 {Black probably dreamed of sacrificing an exchange on e5 and not allowing d8+ in the end.} (25... a3 $5 {was possible but after} 26. Rxa3 Rxa3 27. Bxa3 Qxe5 28. Bxc5 Qxc5 29. Qd4 {the position is very drawish.}) 26. e6 $1 Qg3 27. Rf2 $2 ({Black went too far! After} 27. Qe2 {White would be better:} fxe6 (27... f6 28. Rf4 $40) 28. f6 $40) 27... f6 $6 ({There was no longer anything wrong with} 27... fxe6 28. f6 gxf6 {was White can't capture on f6 with the rook due to ...xg2#.}) 28. Bd4 Ne4 29. Bxe4 $2 {Surrendering a fight that was favouring White.} (29. Rf3 Qg5 30. Qe1 $1 {would lead to crazy lines:} a3 31. h4 $1 (31. Rf4 b2 32. Ra2 Qg3 33. Qxg3 Nxg3 34. Rg4 Ne2+ 35. Kf2 Nc1 36. Bxf6 g5 $8 37. h4 Nxa2 38. hxg5 $1 Rf8 $8 39. Bxa2 b1=Q 40. Bxb1 a2 41. Bxa2 Rxa2+ $13) 31... Qg4 (31... Qh5 32. Rf4 {threatening both xe4 and g4!}) 32. Rf4 Qg3 33. Bxe4 Qxe1+ 34. Rxe1 Bxe4 35. Rxe4 b2 {and Black wll have to struggle for a draw.}) 29... Bxe4 30. Ra3 Rec8 31. c5 Kh7 32. Qd2 {This move allows a superb idea, but it still holds the balance.} (32. Qe2 {would be be solid.}) 32... b2 $3 33. Qxb2 $2 {A decisive mistake.} (33. Bxb2 {was required:} Rxc5 34. Qd4 ({or} 34. Qb4) 34... Rxf5 35. Qxe4 Qxf2+ 36. Kh2 Qxb2 37. Qxf5+ Kg8 38. Rd3 $1 $11) 33... Rab8 {Now White loses by force.} 34. Qa2 Rb1+ 35. Rf1 Rcb8 {White is paralysed due to his pieces stuck on the a-file!} 36. Qf2 Rxf1+ 37. Kxf1 Rb1+ 38. Ke2 Qb8 $1 {The point! However White would be fine.} 39. Qf4 Qb5+ 40. Kd2 Qb4+ 41. Bc3 Qxa3 42. Qxe4 Qc1+ 43. Kd3 Qf1+ 0-1

[Event "Tata Steel-A 74th"]
[Site "Wijk aan Zee"]
[Date "2012.01.14"]
[Round "1"]
[White "Nakamura, Hikaru"]
[Black "Ivanchuk, Vassily"]
[Result "1/2-1/2"]
[WhiteElo "2759"]
[BlackElo "2766"]
[Annotator "Krasenkow,Michal"]
[PlyCount "42"]
[EventDate "2012.01.14"]
[EventType "tourn"]
[EventRounds "13"]
[EventCountry "NED"]
[EventCategory "21"]
[SourceTitle "CBM 147"]
[Source "ChessBase"]
[SourceDate "2012.03.16"]
[SourceVersion "1"]
[SourceVersionDate "2012.03.16"]
[SourceQuality "1"]

1. c4 c6 2. d4 d5 3. Nf3 e6 4. Nc3 dxc4 5. g3 b5 6. Bg2 Bb7 7. Ne5 (7. O-O Nd7 8. Ne5 Qc8 {- this move order was seen in the old game Aronian - Galkin (see below).}) 7... Qc8 {A rare but possible move preparing ...b8-d7.} (7... a6 {is played more often.}) 8. O-O Nd7 ({RR} 8... Nf6 9. b3 b4 10. Ne4 Nxe4 11. Bxe4 c3 12. Qd3 Nd7 13. Bxh7 c5 14. Be4 Bxe4 15. Qxe4 Nf6 16. Qf3 Bd6 17. Nc4 Be7 18. Bg5 O-O 19. e4 cxd4 20. Bxf6 Bxf6 21. e5 Be7 22. Qd3 Qc5 23. Rae1 {Perdomo,L (2349)-Bachmann,A (2582) Caioba BRA 2026 0-1 (40)}) 9. b3 $1 (9. a4 Ngf6 10. a5 a6 11. b3 cxb3 12. Qxb3 c5 13. Bxb7 Qxb7 14. Nxd7 Qxd7 15. dxc5 Bxc5 16. Bg5 Be7 17. Rac1 O-O 18. Bxf6 gxf6 19. Ne4 Rac8 20. Qb2 Kg7 21. g4 Qd5 22. Ng3 Qe5 $17 {0-1 Aronian,L (2610)-Galkin,A (2568)/Moscow 2003/CBM 094 (79)}) 9... b4 $146 {Hardly an improvement. Black should look for a more convincing way to obtain sufficient counterchances.} (9... cxb3 10. Qxb3 Ngf6 11. Bg5 h6 12. Bxf6 gxf6 13. Nxd7 Qxd7 14. Ne4 Be7 15. Rfd1 Rd8 {0-1 Romero Holmes,A (2560)-Dizdarevic,E (2491)/Istanbul 2003/CBM 096 (38)} 16. a4 $36) 10. Ne4 Nxe5 $146 (10... c3 $2 11. Nc4) ({RR} 10... c3 11. Nc4 Ke7 12. Ned6 Qb8 13. Bf4 Ngf6 14. Na5 Nd5 15. Ndxb7 Nxf4 16. Nxc6+ Kf6 17. Nxb8 {1-0 (17) Nesterov,A (2522)-Obolenskikh,D (2543) Chess.com INT 2022}) ({RR} 10... c3 11. Nc4 Ke7 12. Ned6 Qb8 13. Bf4 Ngf6 14. Na5 Nd5 15. Ndxb7 Nxf4 16. Nxc6+ Kf6 17. Nxb8 {1-0 (17) Nesterov,A (2522)-Obolenskikh,D (2543) Chess.com INT 2022}) 11. dxe5 c3 12. Qd3 $44 {White has a huge development advantage; moreover, it is difficult for Black to complete his development and evacuate his king from the centre. However, White should play precisely to keep his initiative - something he fails to do.} a5 (12... f5 $142) 13. Be3 {An inaccurate move. It is still unclear whether this bishop will be more useful on e3, f4, or g5; therefore, at this point it is better to play} (13. Rd1 $142 $16) 13... f5 14. exf6 Nxf6 15. Nxf6+ (15. Rfd1 Nd5) 15... gxf6 16. Bf3 Kf7 17. Rfd1 $2 (17. Bh5+ Kg7 {[%cal Yh8g8,Yg7h8]} 18. Rad1 Rg8 19. Qd7+ Kh8 20. Qf7 c5 $1 21. Qxf6+ Bg7 $13) 17... h5 18. a4 Rb8 $6 {Black offers a repetition of moves when it was quite time for him to play for a win:} (18... Be7 $17 {[%cal Yc6c5]} 19. Qd7 $140 c2 $1 20. Rd2 Qxd7 21. Rxd7 Rad8 $1 22. Rxd8 Rxd8 23. Rc1 Rd1+ 24. Kg2 Rxc1 25. Bxc1 f5 $1 {(preventing f3-e4), and Black's queenside pawns should decide the game.}) 19. Ba7 Ra8 20. Be3 Rb8 21. Ba7 Ra8 1/2-1/2

[Event "Norway Chess 8th"]
[Site "Stavanger"]
[Date "2020.10.11"]
[Round "6"]
[White "Carlsen, Magnus"]
[Black "Duda, Jan Krzysztof"]
[Result "1-0"]
[WhiteElo "2863"]
[BlackElo "2757"]
[Annotator "Edouard,Romain"]
[PlyCount "51"]
[EventDate "2020.10.05"]
[EventType "tourn"]
[EventRounds "10"]
[EventCountry "NOR"]
[EventCategory "21"]
[SourceTitle "CBM 199"]
[Source "ChessBase"]
[SourceDate "2020.12.01"]
[SourceVersion "1"]
[SourceVersionDate "2020.12.01"]
[SourceQuality "1"]

{[%evp 0,51,13,31,35,-7,38,24,32,42,44,-33,32,9,28,17,29,9,9,9,12,-4,46,26,14,14,28,36,13,-13,-5,15,15,31,49,49,-35,-57,38,32,17,45,48,22,29,118,115,12,122,110,110,121,378,411]} 1. d4 d5 2. c4 c6 3. e3 Nf6 4. Nc3 e6 5. b3 b6 6. Bb2 Bb7 7. Bd3 Nbd7 8. Nge2 $5 (8. Nf3 {is the usual move.}) 8... Bd6 9. O-O O-O 10. Ng3 c5 11. cxd5 {White's idea putting his knight on g3 becomes obvious: he wants to go to f5!} cxd4 (11... Nxd5 12. Nxd5 Bxd5 13. dxc5 Nxc5 14. Qg4 $1 {looked dangerous for Black too:} g6 (14... f6 15. Bc2 $14) 15. Bc4 Bxc4 16. Qxc4 $14) 12. Nce4 Bxg3 (12... Nxe4 13. Nxe4 $14) 13. Nxg3 $1 {An excellent pawn sacrifice.} (13. fxg3 Nxd5 14. Nd6 Qc7 $1 (14... Nxe3 $2 15. Bxh7+ $1 Kxh7 16. Qxd4 $16) 15. Nxb7 Qxb7 16. exd4 N7f6 {would be unclear: the pawn structure compensates for the two bishops.}) 13... dxe3 (13... Nxd5 14. Bxd4 $14 {is not what Black wants.}) 14. dxe6 exf2+ 15. Rxf2 fxe6 16. Qe2 {Black has an extra pawn, but look how beautifully the white pieces are coordinated!} Nc5 $146 ({RR} 16... Rf7 17. Qxe6 Bd5 18. Qf5 Qe7 19. Qg5 h6 20. Qh4 Ne8 21. Qxe7 Rxe7 22. Nf5 Rf7 23. Re1 Nc5 24. Bc2 Kf8 25. Ne7 Rxf2 26. Ng6+ Kg8 27. Kxf2 Bf7 28. Re7 Rd8 29. Ke3 a5 30. Ra7 Nf6 31. Ne7+ {Pashikian,A (2612)-Matlakov,M (2693) Gjakova 2016 1-0 (45)}) 17. Bc2 Ba6 18. Qe1 Qe8 $6 {An imprecise move, in a position where Black was already on the verge of being lost.} (18... Nd5 $1 {was required, and White would only be slighly better:} 19. Rxf8+ (19. Rd1 Rxf2 20. Qxf2 Qg5 $132) (19. b4 Rxf2 20. Kxf2 Nxb4 $3 21. Qxb4 Qd3 $3 $13 {Wow!}) 19... Qxf8 20. b4 Nd3 21. Qxe6+ Qf7 22. Qxf7+ Kxf7 23. Rf1+ Ke6 {and Black has good chances to hold.}) 19. Rd1 $1 Rc8 (19... Rd8 $5 20. Rxd8 Qxd8 21. b4 Nd3 $1 22. Qxe6+ Kh8 23. Rd2 Qc8 $1 24. Qxc8 Rxc8 25. Bxf6 gxf6 26. Nh5 $1 {and Black is still in trouble.} (26. Bxd3 $2 Rd8 $132)) 20. b4 Nb7 {Oh, no! Putting the knight there is definitely a bad sign.} 21. Ne4 {White's superiority is just overwhelming now.} (21. a4 $5) 21... Nd5 (21... Nh5 22. Rxf8+ Qxf8 23. Bb1 Qe7 24. Ng5 $1 $18) (21... Qe7 22. Nxf6+ gxf6 23. Qe4 e5 24. b5 Bxb5 25. Qd5+ $18) 22. Rxf8+ Qxf8 23. Bb1 (23. Bb3 $5 {followed by g5 was also completely winning.}) 23... Qxb4 24. Nf6+ $1 Kh8 (24... gxf6 25. Qxe6+ $18) 25. Qxe6 Ra8 $6 (25... Ne7 26. Qh3 h6 27. Ba1 $18) 26. Qxd5 {This game was a work of art! There's little one can do when Magnus turns on to Beast mode.} 1-0